| 000 | 00681nam a2200181 a 4500 | ||
|---|---|---|---|
| 008 | 120416s1984 ||||||||||||||||| || u | ||
| 020 | _a0574194452 | ||
| 050 | _aTS 155 Sch | ||
| 100 | _aSchmenner, Roger W., 1947- | ||
| 245 | 1 | 0 | _aProduction and operations management: concepts and situations. (2nd ed.) |
| 250 | _a2nd ed. | ||
| 260 |
_aChicago : _bScience Research Associates, Inc _c1984 |
||
| 300 | _axii, 596p. : ill. | ||
| 350 | _a0.00 | ||
| 650 | _aPRODUCTION | ||
| 650 | _aProduction management - Case studies | ||
| 995 |
_D0.00 _FCBU-MAIN LIBRARY (Kitwe) _H1 _I34.95 _M1 _UAVAILABLE _ZMain Library Open Access Collection |
||
| 999 |
_c54885 _d54885 |
||